书目信息 |
| 题名: |
博弈论经典
|
|
| 作者: | 库恩 著 ;韩松 译 | |
| 分册: | ||
| 出版信息: | 北京 中国人民大学出版社 |
|
| 页数: | 406页 | |
| 开本: | 26cm | |
| 丛书名: | 当代世界学术名.著.经济学系列 | |
| 单 册: | ||
| 中图分类: | O225-53 | |
| 科图分类: | ||
| 主题词: | 运筹学 | |
| 电子资源: | ||
| ISBN: | 7-300-06083-8 | |
| 000 | 00652nam0 2200217 450 | |
| 001 | 0762220314 | |
| 005 | 20071010171700.31 | |
| 010 | @a7-300-06083-8@d¥36.00 | |
| 100 | @a20071010d km y0chiy0120 ea | |
| 101 | 0 | @achi |
| 200 | 1 | @a博弈论经典@Abo yi lun jing dian@f(美)库恩著@F(mei)ku en zhu@g韩松等译@Ghan song deng yi |
| 210 | @a北京@c中国人民大学出版社 | |
| 215 | @a406页@d26cm | |
| 225 | 2 | @a当代世界学术名.著.经济学系列 |
| 410 | 0 | @12001 @a当代世界学术名.著.经济学系列 |
| 606 | 0 | @a运筹学 |
| 690 | @aO225-53@v3 | |
| 701 | 0 | @a库恩@Aku en@4著 |
| 702 | 0 | @a韩松@Ahan song@4译 |
| 801 | 0 | @aCN@bPFT@c20071010 |
| 905 | @a213230@dO225-53@eS62@f1 | |
| 博弈论经典/(美)库恩著/韩松等译.-北京:中国人民大学出版社 |
| 406页;26cm.-(当代世界学术名.著.经济学系列) |
| ISBN 7-300-06083-8:¥36.00 |
| ● |
| 相关链接 |
|
|
|
|
正题名:博弈论经典
索取号:O225-53/S62
 
预约/预借
| 序号 | 登录号 | 条形码 | 馆藏地/架位号 | 状态 | 备注 |
| 1 | 6705189 | 267051897 | 数信系资料室/ [索取号:O225-53/S62] | 在馆 |